| 000 | 01033pam a2200301 a 4500 | ||
|---|---|---|---|
| 001 | 552 | ||
| 005 | 20230822153600.0 | ||
| 008 | 930601r19941951nyuab j 000 1 eng | ||
| 020 |
_a0060234830 : _c$15.00 ($20.00 Can.) |
||
| 020 | _a0060234849 (lib. bdg.) | ||
| 040 |
_aDLC _cDLC _dDLC _beng |
||
| 050 | 0 | 0 |
_aPZ7.L58474 _bPr 1994 |
| 082 | 0 | 0 |
_a[Fic] _220 |
| 100 | 1 |
_aLewis, C. S. _q(Clive Staples), _d1898-1963. |
|
| 245 | 1 | 0 |
_aPrince Caspian : _bthe return to Narnia / _cC.S. Lewis ; illustrated by Pauline Baynes. |
| 250 | _a1st HarperCollins ed. | ||
| 260 |
_aNew York : _bScholastic, _c1995. |
||
| 300 |
_a223 pages. : _billustrations map ; _c24 cm. |
||
| 490 | 1 |
_aThe Chronicles of Narnia ; _vbook 4 |
|
| 505 | _aT | ||
| 520 | _aFour children help Prince Caspian and his army of Talking Beasts to free Narnia from evil. | ||
| 521 |
_a870
_bLexile |
||
| 521 |
_aT
_bRaz-Plus |
||
| 650 | 1 | _aFantasy. | |
| 700 | 1 |
_aBaynes, Pauline, _eillustrator |
|
| 906 |
_a7 _bcbc _corignew _d1 _eocip _f19 _gy-gencatlg |
||
| 942 |
_2ddc _cBK _n0 |
||
| 999 |
_c552 _d552 |
||